|
|
|
|
| LEADER |
00000nam0a2200000 4500 |
| 001 |
210162 |
| 005 |
20231101225609.0 |
| 035 |
|
|
|a (RuTPU)RU\TPU\book\229539
|
| 035 |
|
|
|a RU\TPU\book\229536
|
| 090 |
|
|
|a 210162
|
| 100 |
|
|
|a 20120220d1973 k y0rusy50 ca
|
| 101 |
0 |
|
|a rus
|
| 102 |
|
|
|a RU
|
| 105 |
|
|
|a a z 001zy
|
| 200 |
1 |
|
|a Основные черты литологии четвертичных отложений междуречий бассейна нижнего течения Иртыша
|f И. И. Задкова
|g Академия наук СССР (АН СССР), Сибирское отделение (СО), Институт геологии и геофизики (ИГиГ) ; под ред. Ф. А. Никитенко ; под ред. И. В. Волков
|
| 210 |
|
|
|a Новосибирск
|c Наука
|d 1973
|
| 215 |
|
|
|a 136 с.
|c ил., карты
|
| 225 |
1 |
|
|a Труды института геологии и геофизики
|v Вып. 42
|
| 320 |
|
|
|a Библиография: с. 109-116.
|
| 606 |
1 |
|
|a Четвертичные отложения
|2 stltpush
|3 (RuTPU)RU\TPU\subj\18734
|9 44113
|
| 610 |
1 |
|
|a геология
|
| 610 |
1 |
|
|a литология
|
| 610 |
1 |
|
|a Западная Сибирь
|
| 610 |
1 |
|
|a бассейны рек
|
| 610 |
1 |
|
|a Иртыш
|
| 675 |
|
|
|a 551.79
|v 3
|
| 700 |
|
1 |
|a Задкова
|b И. И.
|
| 702 |
|
1 |
|a Никитенко
|b Ф. А.
|4 340
|
| 702 |
|
1 |
|a Волков
|b И. В.
|4 340
|
| 712 |
0 |
2 |
|a Академия наук СССР (АН СССР)
|b Сибирское отделение (СО)
|b Институт геологии и геофизики (ИГиГ)
|c (Новосибирск)
|2 stltpush
|3 (RuTPU)RU\TPU\col\128
|
| 801 |
|
1 |
|a RU
|b 63413507
|c 20120216
|
| 801 |
|
2 |
|a RU
|b 63413507
|c 20211111
|g RCR
|
| 942 |
|
|
|c BK
|